000 00180 a2200085 4500
245 _aTALES OF BURNING LOVE
_hText
100 _aLOUISE ERDRICH
650 _aliterature
005 20191017172206.0
084 _aNONE
999 _c8557
_d8557